[Event "Lovfalds EMT 19th E"]
[Site "Ringsted"]
[Date "2005.09.18"]
[Round "4"]
[White "Trust, Anders"]
[Black "Tudvad, Mads"]
[Result "0-1"]
[WhiteElo "1000"]
[BlackElo "1247"]
[PlyCount "112"]
[EventDate "2005.09.16"]
[EventType "tourn"]
[EventRounds "5"]
[EventCountry "DEN"]
[SourceTitle "EXT 2023"]
[Source "ChessBase"]
[SourceDate "2022.10.05"]
[SourceVersion "1"]
[SourceVersionDate "2022.10.05"]
[SourceQuality "1"]

1. e4 e6 2. Nc3 d5 3. exd5 exd5 4. d4 Nf6 5. g3 Bf5 6. Bg2 c6 7. Nf3 Nbd7 8. 0-0 Be7 9. Ne2 0-0 10. Nh4 Bg4 11. Bf3 Bxf3 12. Nxf3 h6 13. c3 Re8 14. Nf4 Bd6 15. Nh3 Qc7 16. Bf4 Nh5 17. Bxd6 Qxd6 18. Qb3 Qe6 19. Qxb7 Qxh3 20. Qxc6 Qe6 21. Qb5 Rab8 22. Qa4 Qd6 23. Qxa7 Ra8 24. Qb7 Reb8 25. Qxa8 Rxa8 26. Nh4 g6 27. a3 Re8 28. b4 Rc8 29. Rfc1 Nb6 30. a4 Nc4 31. Nf3 Nf6 32. a5 Qa6 33. Rab1 Rb8 34. Ne5 Rb5 35. Nd3 Nd7 36. Kg2 Nxa5 37. Ra1 Qe6 38. Nf4 Qb6 39. f3 Nb3 40. Ra8+ Kg7 41. Rb1 Qb7 42. Re8 Nf6 43. Ree1 Nd2 44. Ra1 Nc4 45. h4 g5 46. hxg5 hxg5 47. Nh3 g4 48. f4 Ne4 49. Nf2 Nxf2 50. Kxf2 Rb6 51. Rh1 Ra6 52. Rac1 Ra2+ 53. Kf1 Qe7 54. Re1 Nd2+ 55. Kg2 Nf3+ 56. Kf1 Qxe1# 0-1